| 000 | 01117cam a22003258a 4500 | ||
|---|---|---|---|
| 005 | 20260322212035.0 | ||
| 008 | data | ||
| 010 | _a 2011051844 | ||
| 020 | _a9781401234614 (hardcover : alk. paper) | ||
| 020 | _a1401234615 | ||
| 040 |
_aDLC _cDLC |
||
| 050 | 0 | 0 |
_aPN6728.J87 _bJ65 2012 |
| 082 | 0 | 0 |
_a741.5/973 _223 |
| 099 | _aJOHNSG | ||
| 100 | 1 |
_aJohns, Geoff, _d1973- |
|
| 245 | 1 | 0 |
_aJustice League. _nVolume 1, _pOrigin / _cGeoff Johns, Jim Lee & Scott Williams. |
| 246 | 3 | 0 | _aOrigin |
| 260 |
_aNew York : _bDC Comics, _cc2012. |
||
| 263 | _a1111 | ||
| 300 | _ap. cm. | ||
| 500 | _a"Originally published in single magazine form in JUSTICE LEAGUE 1-6"--T.p. verso. | ||
| 655 | 0 | _aGraphic novels. | |
| 700 | 1 |
_aLee, Jim, _d1964- |
|
| 700 | 1 | _aWilliams, Scott. | |
| 906 |
_a0 _bvip _corignew _d1 _eecip _f20 _gy-gencatlg |
||
| 925 | 0 |
_aacquire _b2 shelf copies _xpolicy default |
|
| 963 | _aAilen Lujo; phone: 212-636-5610; fax: 212-636-5756; email: [email protected]; bc: [email protected] | ||
| 001 | data | ||
| 999 |
_c815 _d815 |
||